О влиянии легирования сплава Ni3Mn третьим 3d-переходным элементом на кинетику упорядочения; Доклады Академии Наук СССР; Т. 189, № 1

מידע ביבליוגרפי
Parent link:Доклады Академии Наук СССР: журнал/ Академия наук СССР (АН СССР).— , 1933-1992.— 0869-5652
Т. 189, № 1.— 1969.— С. 84-87
מחברים אחרים: Панин В. Е. Виктор Евгеньевич, Прушинский В. В., Фадин В. П., Новак Л. И.
שפה:רוסית
יצא לאור: 1969
נושאים:
פורמט: Book Chapter
KOHA link:https://koha.lib.tpu.ru/cgi-bin/koha/opac-detail.pl?biblionumber=468855

MARC

LEADER 00000naa2a2200000 4500
001 468855
005 20231101091047.0
035 |a (RuTPU)RU\TPU\prd\134027 
090 |a 468855 
100 |a 20120315a1969 k y0rusy50 ca 
101 0 |a rus 
102 |a RU 
200 1 |a О влиянии легирования сплава Ni3Mn третьим 3d-переходным элементом на кинетику упорядочения  |f В. Е. Панин [и др.] 
461 1 |0 (RuTPU)RU\TPU\prd\750  |x 0869-5652  |t Доклады Академии Наук СССР  |h Новая серия   |o журнал  |f Академия наук СССР (АН СССР)  |d 1933-1992 
463 1 |0 (RuTPU)RU\TPU\prd\67184  |t Т. 189, № 1  |v С. 84-87  |d 1969 
610 1 |a труды учёных ТПУ 
701 1 |a Панин  |b В. Е.  |c специалист в области физики и механики деформируемого твердого тела, физического материаловедения  |c доктор физико-математических наук, профессор Томского политехнического университета  |c зав. кафедрой материаловедения в машиностроении  |c директор Российского материаловедческого центра  |c научный руководитель Института физики прочности и материаловедения СО РАН  |f 1930-  |g Виктор Евгеньевич  |2 stltpush  |3 (RuTPU)RU\TPU\pers\12102 
701 1 |a Прушинский  |b В. В. 
701 1 |a Фадин  |b В. П. 
701 1 |a Новак  |b Л. И. 
801 1 |a RU  |b 63413507  |c 20120315 
942 |c BK